[Event "Mendrisio op"]
[Site "Mendrisio"]
[Date "1999.??.??"]
[Round "6"]
[White "Patelli, Alessandro"]
[Black "Belotti, Bruno"]
[Result "1-0"]
[WhiteElo "2225"]
[BlackElo "2441"]

1.Nf3 Nf6 2.c4 g6 3.Nc3 Bg7 4.e4 d6 5.d4 O-O 6.Be2 e5 7.O-O Nc6 8.d5 Ne7
9.Nd2 c5 10.dxc6 bxc6 11.c5 d5 12.exd5 cxd5 13.b4 Bf5 14.g4 d4 15.Nb5 d3
16.gxf5 dxe2 17.Qxe2 Nxf5 18.Ne4 Nxe4 19.Qxe4 a5 20.bxa5 Qxa5 21.a4 Nd4 22.Bb2 Nb3
23.Bc3 Qd8 24.c6 Nxa1 25.Rxa1 Qg5+ 26.Kh1 Qf6 27.Kg2 Ra6 28.c7 Rc6 29.Rd1 Qe6
30.h3 Bf6 31.Qd5 Qxd5+ 32.Rxd5 Rc8 33.Bxe5 Be7 34.Rd7  1-0

[Event "Miskolc Avas op"]
[Site "Miskolc"]
[Date "1999.??.??"]
[Round "7"]
[White "Cselenyi, Balazs"]
[Black "Szabo, Janos"]
[Result "1-0"]
[WhiteElo "2045"]
[BlackElo "2000"]

1.d4 Nf6 2.c4 g6 3.Nc3 Bg7 4.e4 d6 5.Nf3 O-O 6.Be2 e5 7.O-O Nc6 8.d5 Ne7
9.Ne1 Nd7 10.Be3 f5 11.f3 Nf6 12.b4 f4 13.Bf2 g5 14.c5 Ng6 15.Nd3 Bd7 16.Qb3 Kh8
17.b5 b6 18.cxd6 cxd6 19.Nb4 Ne8 20.Nc6 Bxc6 21.bxc6 Nc7 22.a4 Qe7 23.Nb5 Rfb8
24.Qa3 Bf8 25.Nxc7 Qxc7 26.a5 b5 27.a6 Be7 28.Rfb1 h5 29.Rxb5 Rxb5 30.Bxb5 Bd8
31.Be2 Rb8 32.Qa2 Ne7 33.Rb1 Nc8 34.Rb7 Rxb7 35.axb7 Nb6 36.Qxa7  1-0

[Event "Miskolc Avas op"]
[Site "Miskolc"]
[Date "1999.??.??"]
[Round "8"]
[White "Blasko, Istvan"]
[Black "Bakos, Eduard"]
[Result "1/2-1/2"]
[WhiteElo "2195"]
[BlackElo "2100"]

1.d4 Nf6 2.c4 g6 3.Nc3 Bg7 4.e4 d6 5.Nf3 O-O 6.Be2 Nc6 7.O-O e5 8.d5 Ne7
9.b4 Nh5 10.Re1 f5 11.Ng5 Nf4 12.Bxf4 exf4 13.Rc1 h6 14.Ne6 Bxe6 15.dxe6 fxe4
16.Nxe4 Qc8 17.Bf3 Be5 18.Nc5 dxc5 19.Rxe5 cxb4 20.Qd7 Qxd7 21.exd7 Nc6 22.Bxc6 bxc6
23.Re6 Rad8 24.Rd1 Rf7 25.Rxg6+ Kh7 26.Rxc6 Rfxd7 27.Rxd7+ Rxd7 28.Kf1 a5
29.Ke2 a4 30.Ra6 Rd4 31.Rc6 Rd7 32.Rc5 a3 33.Rb5 c5 34.f3 Kg6 35.g3 fxg3
36.hxg3 Kf6 37.f4 h5 38.Ra5 Rb7 39.Kd2 b3 40.axb3 Rxb3 41.Kc2 Rxg3 42.Rxc5 h4
43.Rh5 h3 44.Kb1 Rg1+ 45.Ka2 Rh1 46.Kxa3 h2 47.Kb2 Ke6 48.c5 Kd7 49.Rh6  1/2-1/2

[Event "GER-chJME"]
[Site "Neumuenster"]
[Date "1999.??.??"]
[Round "?"]
[White "Reuss, Andreas"]
[Black "Haensel, Thomas"]
[Result "1-0"]
[WhiteElo "2185"]
[BlackElo "2207"]

1.d4 Nf6 2.Nf3 g6 3.c4 Bg7 4.Nc3 O-O 5.e4 d6 6.Be2 e5 7.O-O Nc6 8.d5 Ne7
9.Ne1 Ne8 10.Be3 f5 11.f3 f4 12.Bf2 g5 13.b4 h5 14.c5 Rf6 15.Nb5 a6 16.cxd6 cxd6
17.Nc3 Bd7 18.b5 a5 19.b6 Rg6 20.Kh1 g4 21.Bb5 g3 22.Bg1 gxh2 23.Bf2 Bf6
24.Rc1 Rc8 25.Bxd7 Qxd7 26.Nd3 h4 27.Qa4 Qd8 28.Ne2 Ng7 29.Rxc8 Nxc8 30.Rc1 Nh5
31.Qxa5 Ng3+ 32.Nxg3 hxg3 33.Be1 Rg7 34.Rb1 Qd7 35.Nb2 Bd8 36.Nc4 Re7 37.Qb4 Re8
38.Rb2 Bf6 39.a4 Rd8 40.a5 Ne7 41.a6 Ng6 42.Na5 bxa6 43.b7 Rb8 44.Nc6 Qc7
45.Nxb8 Qxb8 46.Qc4  1-0

[Event "South Wales 3rd"]
[Site "Newport"]
[Date "1999.??.??"]
[Round "1"]
[White "Devereaux, Maxim"]
[Black "Buckley, Simon T"]
[Result "1/2-1/2"]
[WhiteElo "2265"]
[BlackElo "2215"]

1.Nf3 Nf6 2.d4 g6 3.c4 Bg7 4.Nc3 O-O 5.e4 d6 6.Be2 e5 7.O-O Nc6 8.d5 Ne7
9.Ne1 Nd7 10.Be3 f5 11.f3 Nf6 12.c5 f4 13.Bf2 g5 14.Rc1 Ng6 15.cxd6 cxd6
16.Nb5 Rf7 17.Nxa7 Bd7 18.Qb3 g4 19.Bb6 Qe7 20.Rc7 Ne8 21.Rxb7 g3 22.h3 Qh4
23.Rxd7 Rxd7 24.Nc6 Nh8 25.a4 Nf7 26.Bb5 Rb7 27.a5 Nc7 28.Bc4 Bf6 29.Nd3 Kh8
30.Qc2 Ng5 31.Ncxe5 Bxe5 32.Nxe5 dxe5 33.d6 Nce6 34.Bxe6 Nxe6 35.Qc6 Rbb8
36.Rc1 Qf6 37.d7 Kg7 38.Qd5 Nd8 39.Bc7 Nf7 40.b4 Qa6 41.Bxb8 Rxb8 42.Rc7 Rd8
43.Qc5 Qd3 44.Kh1 Rxd7 45.Rxd7 Qxd7 46.a6 Qd1+ 47.Qg1 Qa4 48.a7 Nd6 49.Qc5 Qa1+  1/2-1/2

[Event "GER-ch U14"]
[Site "Oberhof"]
[Date "1999.??.??"]
[Round "?"]
[White "Jachnowitsch, Krisjan Jon"]
[Black "Ries, Benjamin"]
[Result "0-1"]
[WhiteElo "1605"]
[BlackElo "1760"]

1.d4 Nf6 2.c4 g6 3.Nc3 Bg7 4.e4 O-O 5.Nf3 d6 6.Be2 e5 7.O-O Nc6 8.d5 Ne7
9.Ne1 Ne8 10.f3 f5 11.g4 Nf6 12.g5 Nh5 13.Kh1 f4 14.Rg1 Bh3 15.Nd3 h6 16.Nf2 Bd7
17.Ng4 hxg5 18.Bd2 Kf7 19.Kg2 Ng8 20.Be1 Bxg4 21.fxg4 f3+ 22.Bxf3 Nf4+ 23.Kg3 Nf6
24.Ne2 Rh8 25.Nxf4 exf4+ 26.Kg2 Qe7 27.Bc3 Nd7 28.Bxg7 Kxg7 29.Rh1 Qf6 30.Rb1 Rh4
31.h3 Rah8 32.Qe2 Kf7 33.Rh2 R8h7 34.b3 Qh8 35.Rbh1 Ne5 36.Qd1 Ke8 37.Qd4 Ke7
38.Qc3 Nxg4 39.Qxh8 Ne3+ 40.Kf2 Rxh8 41.Kg1 Kf6 42.Be2 Ke5 43.Bf3 Kd4 44.a3 b6
45.a4 a5 46.Bg4  0-1

[Event "GER-ch U16"]
[Site "Oberhof"]
[Date "1999.??.??"]
[Round "?"]
[White "Dallakian, Oleg"]
[Black "Schumacher, Dennis"]
[Result "1/2-1/2"]
[WhiteElo "1950"]
[BlackElo "2065"]

1.c4 g6 2.d4 Nf6 3.Nc3 Bg7 4.e4 d6 5.Nf3 O-O 6.Be2 e5 7.O-O Nc6 8.d5 Ne7
9.Ne1 Ne8 10.Be3 f5 11.f3 f4 12.Bf2 g5 13.c5 h5 14.cxd6 cxd6 15.Rc1 Rf7 16.Nb5 Bd7
17.a4 Bh6 18.Rc3 Rg7 19.h3 Kh8 20.Nd3 Bxb5 21.axb5 Nf6 22.Kh1 Qd7 23.Qc2 Rag8
24.Rc7 Qe8 25.Rxb7 g4 26.h4 Nxe4 27.fxe4 f3 28.Bxa7 fxg2+ 29.Kxg2 Ng6 30.Rxg7 Nxh4+
31.Kg3 Rxg7 32.Qc6 Bf4+ 33.Nxf4 exf4+ 34.Rxf4 Qe5 35.Qc8+ Kh7 36.Bd4 Qxd4
37.Kxh4 Qg1 38.Qf5+ Kg8  1/2-1/2

[Event "GER-ch U16"]
[Site "Oberhof"]
[Date "1999.??.??"]
[Round "?"]
[White "Ortmann, David"]
[Black "Bravo Lutz, Sebastian"]
[Result "1/2-1/2"]
[WhiteElo "2135"]
[BlackElo "1875"]

1.d4 Nf6 2.Nf3 g6 3.c4 Bg7 4.Nc3 O-O 5.e4 d6 6.Be2 e5 7.O-O Nc6 8.d5 Ne7
9.b4 Ne8 10.c5 f5 11.Nd2 Nf6 12.f3 f4 13.Ba3 g5 14.Nc4 h5 15.b5 Ne8 16.b6 axb6
17.cxd6 cxd6 18.Rb1 Rf6 19.Na4 b5 20.Rxb5 Bd7 21.Rb4 b5 22.Ncb6 Rxa4 23.Nxa4 bxa4
24.Qb1 g4 25.Rb8 Qa5 26.Qb7 Qd2 27.Qxd7 Qe3+ 28.Kh1 Qxe2 29.Qxe8+ Kh7 30.Qb5 Qxa2
31.Qb2 Qc4 32.Rc1 Qd3 33.Qc3 Qe2 34.Rb2 Qa6 35.Qb4 gxf3 36.gxf3 Rg6 37.Qd2 Qa7
38.Qf2 Qa5 39.Bb4 Qa6 40.Rg1 Rxg1+ 41.Kxg1 Ng6 42.Be1 Bf6 43.Qe2 Qc8 44.Ra2 a3
45.Qc2 Qa6 46.Qc3 Bd8 47.Qxa3 Bb6+ 48.Bf2 Bxf2+ 49.Kxf2 Qb6+ 50.Kg2 Kh6 51.Qa7 Nh4+
52.Kh3 Qxa7 53.Rxa7 Nxf3 54.Ra6 Ng5+ 55.Kg2 Nxe4 56.Kf3 Ng5+ 57.Ke2 Nf7 58.Ra7 Kg6
59.Re7 Kf6  1/2-1/2

[Event "GER-ch U16"]
[Site "Oberhof"]
[Date "1999.??.??"]
[Round "?"]
[White "Ortmann, David"]
[Black "Feige, Manuel"]
[Result "0-1"]
[WhiteElo "2135"]
[BlackElo "2145"]

1.d4 Nf6 2.c4 g6 3.Nc3 Bg7 4.e4 d6 5.Nf3 O-O 6.Be2 e5 7.O-O Nc6 8.dxe5 dxe5
9.Bg5 Qxd1 10.Rfxd1 Bg4 11.h3 Bxf3 12.Bxf3 h6 13.Be3 Rfd8 14.Rac1 Nd4 15.c5 c6
16.Kf1 Nh7 17.Ne2 Nxf3 18.gxf3 Nf8 19.Ke1 Ne6 20.Rxd8+ Rxd8 21.Rd1 Bf6 22.Rxd8+ Bxd8
23.Kd1 Bg5 24.b4 Kg7 25.Kc2 Kf6 26.Nc1 Bxe3 27.fxe3 Ng5 28.Nb3 Nxh3 29.Na5 h5
30.Kd2 g5 31.Nxb7 Ng1 32.Nd8 h4 33.Ke1 Nxf3+ 34.Kf2 Nd2 35.Nxc6 g4 36.Nxa7 Nxe4+
37.Kg2 h3+ 38.Kh2 Ke6 39.a4 f5 40.a5 f4 41.exf4 exf4 42.Nb5 Nd2 43.Kg1 g3
44.Nd4+ Ke5 45.Ne2 Nf3+ 46.Kf1 Ke4 47.Nc3+ Kd3  0-1

[Event "GER-ch U16"]
[Site "Oberhof"]
[Date "1999.??.??"]
[Round "?"]
[White "Ortmann, David"]
[Black "Liebold, Thomas"]
[Result "1/2-1/2"]
[WhiteElo "2135"]
[BlackElo "2120"]

1.Nf3 Nf6 2.c4 d6 3.d4 g6 4.Nc3 Bg7 5.e4 O-O 6.Be2 e5 7.O-O Nc6 8.d5 Ne7
9.b4 Nh5 10.Re1 f5 11.Ng5 Nf6 12.Bf3 f4 13.Bb2 a5 14.a3 axb4 15.axb4 Rxa1
16.Bxa1 h6 17.Ne6 Bxe6 18.dxe6 Nc8 19.Qb3 Re8 20.c5 Qe7 21.Nb5 c6 22.Nxd6 Nxd6
23.cxd6 Qxd6 24.Be2 Kh7 25.Rd1 Qxe6 26.Bc4 Qe7 27.f3 b5 28.Bf7 Rf8 29.Be6 Re8  1/2-1/2

[Event "GER-ch U14"]
[Site "Oberhof"]
[Date "1999.??.??"]
[Round "?"]
[White "Schaffer, Hendrik"]
[Black "Balcerak, Philipp"]
[Result "0-1"]
[WhiteElo "1900"]
[BlackElo "2035"]

1.d4 Nf6 2.c4 g6 3.Nc3 Bg7 4.e4 d6 5.Nf3 O-O 6.Be2 e5 7.O-O Nc6 8.d5 Ne7
9.b4 Nh5 10.g3 f5 11.Ng5 Nf6 12.f3 c6 13.Be3 f4 14.Bf2 fxg3 15.hxg3 Nh5 16.Ne6 Bxe6
17.dxe6 Kh8 18.Qd2 Qc7 19.Rad1 Rad8 20.Qe1 Qc8 21.Bxa7 Qxe6 22.Kg2 Qf6 23.Be3 g5
24.Rh1 Qg6 25.Bf2 Nf6 26.g4 Rfe8 27.Bd3 h5 28.gxh5 Nxh5 29.Ne2 Bh6 30.Ng3 Nf4+
31.Kg1 Ra8 32.Bb1 Qe6 33.Qf1 Ra3 34.Be1 Kg7 35.Rd2 Rh8 36.Rdh2 Kf8 37.Bd2 g4
38.Bxf4 exf4 39.Ne2 Rxf3 40.Qd1 Qg6 41.Rh5 Re3 42.Nd4 Ke8 43.R5h4 Bg7 44.Rxh8+ Bxh8  0-1

[Event "GER-ch U18"]
[Site "Oberhof"]
[Date "1999.??.??"]
[Round "5"]
[White "Friedrichs, Klaus"]
[Black "Haucke, Alexander"]
[Result "1/2-1/2"]
[WhiteElo "2144"]
[BlackElo "2199"]

1.d4 g6 2.c4 Nf6 3.Nc3 Bg7 4.e4 d6 5.Nf3 O-O 6.Be2 e5 7.O-O Nc6 8.d5 Ne7
9.Ne1 Ne8 10.Be3 f5 11.f3 f4 12.Bf2 h5 13.c5 g5 14.a4 Rf6 15.cxd6 Nxd6 16.Nb5 a6
17.Nxd6 cxd6 18.a5 Rg6 19.Bb6 Qf8 20.Rc1 g4 21.Nd3 Qf6 22.Re1 Qh4 23.Qd2 Kh7
24.Rc7 Bf6 25.Rec1 g3 26.h3 Bxh3 27.gxh3 Qxh3 28.Bf1 g2 29.Bxg2 Rxg2+ 30.Qxg2 Rg8
31.Ne1 Rxg2+ 32.Nxg2 Qxf3 33.Rxe7+ Bxe7 34.Rc7 Qd1+ 35.Kf2 Qd2+ 36.Kg1  1/2-1/2

[Event "Odessa-ch"]
[Site "Odessa"]
[Date "1999.??.??"]
[Round "?"]
[White "Sumets, Andrey"]
[Black "Aleferenko, Anton"]
[Result "1-0"]
[WhiteElo "2434"]
[BlackElo "2320"]

1.d4 Nf6 2.c4 g6 3.Nc3 Bg7 4.e4 O-O 5.Be2 d6 6.Nf3 e5 7.O-O Nc6 8.d5 Ne7
9.b4 Nh5 10.Re1 f5 11.Ng5 Nf6 12.Bf3 Kh8 13.Bb2 fxe4 14.Ncxe4 Nxe4 15.Nxe4 Nf5
16.Rc1 a5 17.a3 axb4 18.axb4 Nd4 19.Bg4 Ra2 20.Bxd4 exd4 21.Bxc8 Qxc8 22.Qb3 Qa8
23.c5 Ra3 24.Qc4 Be5 25.cxd6 cxd6 26.Ng5 Qd8 27.Ne6 Qh4 28.g3 Bxg3 29.fxg3 Rxg3+
30.Kh1 Rh3 31.Re2 Rxh2+ 32.Rxh2 Qe4+ 33.Rg2  1-0

[Event "Presov op"]
[Site "Presov"]
[Date "1999.??.??"]
[Round "3"]
[White "Molnar, Vojtech"]
[Black "Helbich, Jan"]
[Result "0-1"]
[WhiteElo "2178"]
[BlackElo "2203"]

1.d4 Nf6 2.c4 g6 3.Nc3 Bg7 4.e4 d6 5.Nf3 O-O 6.Be2 e5 7.O-O Nc6 8.d5 Ne7
9.Ne1 Nd7 10.Be3 f5 11.f3 f4 12.Bf2 g5 13.Nb5 b6 14.b4 a6 15.Nc3 h5 16.Rc1 Nf6
17.c5 g4 18.Kh1 g3 19.Bg1 gxh2 20.Bf2 h4 21.cxb6 cxb6 22.Na4 Rb8 23.Bxh4 Nh5
24.Rxc8 Rxc8 25.Bxa6 Rb8 26.Nd3 Bf6 27.Bf2 Ng6 28.Kxh2 Bh4 29.Rh1 Bxf2 30.Nxf2 b5
31.Kg1 Ng3 32.Rh6 Kg7  0-1

[Event "Recklinghausen op"]
[Site "Recklinghausen"]
[Date "1999.??.??"]
[Round "6"]
[White "Hillarp Persson, Tiger"]
[Black "Husari, Sate"]
[Result "1/2-1/2"]
[WhiteElo "2505"]
[BlackElo "2305"]

1.d4 Nf6 2.c4 d6 3.Nc3 g6 4.e4 Bg7 5.Be2 O-O 6.Nf3 e5 7.O-O Nc6 8.d5 Ne7
9.Bg5 Nd7 10.Nd2 f5 11.f3 Nf6 12.c5 dxc5 13.Nc4 h6 14.Be3 b6 15.a4 Ne8 16.a5 Rb8
17.axb6 axb6 18.Qb3 Kh7 19.Bxc5 Bd7 20.Be3 Nc8 21.exf5 gxf5 22.f4 exf4 23.Bxf4 Bd4+
24.Kh1 Qf6 25.Rf3 Ncd6 26.Rh3 Nf7 27.Qd1 b5 28.Nd2 Be5  1/2-1/2

[Event "Recklinghausen op"]
[Site "Recklinghausen"]
[Date "1999.??.??"]
[Round "7"]
[White "Husari, Sate"]
[Black "Visser, Yge"]
[Result "0-1"]
[WhiteElo "2305"]
[BlackElo "2375"]

1.d4 Nf6 2.c4 g6 3.Nc3 Bg7 4.e4 d6 5.Be2 O-O 6.Nf3 e5 7.O-O Nc6 8.d5 Ne7
9.Nd2 Kh8 10.b4 Neg8 11.c5 Ne8 12.Nc4 f5 13.f3 f4 14.Ba3 h5 15.b5 Nh6 16.b6 axb6
17.cxb6 cxb6 18.Qb3 b5 19.Qxb5 g5 20.Bb4 Nc7 21.Qb6 Ra6 22.Qf2 g4 23.a4 Rg8
24.Nb5 Ne8 25.Kh1 Bf6 26.g3 h4 27.fxg4 hxg3 28.hxg3 Nxg4 29.Qg2 Rg7 30.Ra3 Rh7+
31.Kg1 Rh2 32.Qxh2+ Nxh2 33.Kxh2 Bg5 34.Kg2 Qf6 35.Bh5 Ng7 36.Rh1 Nxh5 37.Rxh5+ Kg8
38.Bxd6 Qg6 39.Rxg5 Qxg5 40.Bxe5 Qh5 41.Nbd6 Qe2+  0-1

[Event "Rowy op"]
[Site "Rowy"]
[Date "1999.??.??"]
[Round "6"]
[White "Krivoshey, Sergei"]
[Black "Gofshtein, Leonid D"]
[Result "1/2-1/2"]
[WhiteElo "2451"]
[BlackElo "2517"]

1.Nf3 d6 2.d4 Nf6 3.c4 g6 4.Nc3 Bg7 5.e4 O-O 6.Be2 e5 7.O-O Nc6 8.d5 Ne7
9.Ne1 Nd7 10.Be3 f5 11.f3 f4 12.Bf2 g5 13.Rc1 a6 14.b4 Rf6 15.c5 Rh6 16.g4 fxg3
17.hxg3 Qe8 18.g4 Ng6 19.Ng2 Rh3 20.cxd6 cxd6 21.Ne3 h5 22.Re1 hxg4 23.fxg4 Kf7
24.Bf1 Qh8 25.Bxh3 Qxh3 26.Re2 Nf4 27.Qf1 Nxe2+ 28.Nxe2 Qxf1+ 29.Kxf1 Nf6
30.Rc7+ Kg6 31.Ng3 Bf8 32.Kg2 Nxg4 33.Nxg4 Bxg4 34.Rxb7 Rc8 35.Rb6 Rc3 36.Rxa6 Bf3+
37.Kf1 Rc1+ 38.Be1 g4 39.a4 Be7 40.Nf5 Bg5 41.Rxd6+ Kh7 42.Rc6 Ra1 43.Rc7+ Kg6
44.Rc6+  1/2-1/2

[Event "San Felipe zt"]
[Site "San Felipe"]
[Date "1999.??.??"]
[Round "5"]
[White "Ordonez, Francisco"]
[Black "Soto Paez, Oliver"]
[Result "1/2-1/2"]
[WhiteElo "2295"]
[BlackElo "2323"]

1.d4 Nf6 2.c4 d6 3.Nc3 g6 4.e4 Bg7 5.Nf3 O-O 6.Be2 e5 7.O-O Nc6 8.d5 Ne7
9.h4 Nh5 10.Re1 f5 11.Ng5 Nf4 12.Bxf4 exf4 13.Rc1 Bf6 14.Ne6 Bxe6 15.dxe6 Bxc3
16.Rxc3 fxe4 17.Bg4 e3 18.fxe3 c6  1/2-1/2

[Event "Staufer-Open 11th"]
[Site "Schwaebisch Gmuend"]
[Date "1999.??.??"]
[Round "6"]
[White "Doettling, Fabian"]
[Black "Ott, Frank"]
[Result "1-0"]
[WhiteElo "2360"]
[BlackElo "2235"]

1.d4 Nf6 2.Nf3 g6 3.c4 Bg7 4.Nc3 O-O 5.e4 d6 6.Be2 e5 7.O-O Nc6 8.d5 Ne7
9.Ne1 Nd7 10.f3 f5 11.Be3 f4 12.Bf2 g5 13.g4 fxg3 14.hxg3 Ng6 15.Ng2 h5 16.Ne3 h4
17.g4 Nf4 18.Kh2 Nf6 19.Qd2 Re8 20.Bd1 c5 21.a3 Bd7 22.Rb1 Bf8 23.Ba4 Bxa4
24.Nxa4 Qc7 25.Rfc1 Rad8 26.b4 b6 27.Nf5 Nd7 28.Nc3 Rc8 29.Be3 Qb8 30.Na2 Qb7
31.bxc5 Nxc5 32.Nb4 Qd7 33.Nc6 Bg7 34.a4 Bf6 35.a5 bxa5 36.Bxc5 dxc5 37.Nxa5 Bd8
38.Nb7 Rf8 39.Nbd6 Rc7 40.Rb8 Be7 41.Nxe7+ Qxe7 42.Nf5 Qf6 43.Rxf8+ Kxf8
44.Qb2 Kf7 45.Rb1 Qh8 46.Qb5 Qf8 47.d6 Rc8 48.Qd7+ Kf6 49.Ne3 Kg6 50.Rb7 Qg8
51.Qf5+  1-0

[Event "Staufer-Open 11th"]
[Site "Schwaebisch Gmuend"]
[Date "1999.??.??"]
[Round "8"]
[White "Lentrodt, Thomas"]
[Black "Lomineishvili, Maia"]
[Result "0-1"]
[WhiteElo "2295"]
[BlackElo "2350"]

1.d4 Nf6 2.c4 g6 3.Nc3 Bg7 4.e4 d6 5.Nf3 O-O 6.Be2 e5 7.O-O Nc6 8.d5 Ne7
9.Ne1 Ne8 10.Nd3 f5 11.f3 f4 12.g4 g5 13.Bd2 h5 14.h3 Ng6 15.Be1 hxg4 16.hxg4 c5
17.Kg2 Nf6 18.Rh1 Bd7 19.Nb5 Qe7 20.Nf2 Rf7 21.Kf1 Bf8 22.Qd3 a6 23.Nc3 Rh7
24.Bd1 Rxh1+ 25.Nxh1 Qh7 26.Kg1 Be7 27.Qe2 Kf7 28.Qh2 Qg7 29.Be2 Rh8 30.Qg2 Bd8
31.Rc1 Ba5 32.Bf2 Rh6 33.Rc2 Qh8 34.a3 Qe8 35.b3 Qh8 36.Na2 Nh4 37.Bxh4 Rxh4
38.Nc1 b5 39.Nf2 Ng8 40.Bf1 Kf6 41.Ncd3 bxc4 42.bxc4 Ne7 43.Nh3 Ng6 44.Rb2 Rh7
45.Kh2 Qc8 46.Qe2 Ba4 47.Rb1 Nh4 48.Bg2 Rb7 49.Rxb7 Qxb7 50.Qf2 Qb6 51.Nhxf4 exf4
52.e5+ dxe5 53.Nxc5 Kf7  0-1

[Event "Sportland-NRW-Cup"]
[Site "Senden"]
[Date "1999.??.??"]
[Round "6"]
[White "Kipper, Jens"]
[Black "Muessig, Guido"]
[Result "0-1"]
[WhiteElo "2265"]
[BlackElo "2170"]

1.Nf3 Nf6 2.c4 g6 3.Nc3 Bg7 4.d4 d6 5.e4 O-O 6.Be2 e5 7.O-O Nc6 8.d5 Ne7
9.b4 Nh5 10.Re1 Nf4 11.Bf1 h6 12.c5 g5 13.g3 Nh3+ 14.Bxh3 Bxh3 15.Bxg5 Bg4
16.Bxe7 Qxe7 17.Qd3 dxc5 18.bxc5 Qxc5 19.Nh4 Rfd8 20.Rab1 Rab8 21.Nd1 c6
22.Ne3 Be6 23.Rec1 Qa5 24.Qe2 cxd5 25.exd5 Bxd5 26.Nhf5 Bf8 27.Rb5 Qxa2 28.Qg4+ Kh7
29.Rxd5 Rxd5 30.Ne7 Bxe7 31.Qe4+ Kh8 32.Nxd5 Bd6 33.Nf6 Kg7 34.Nh5+ Kf8 35.Qh7 Qe6
36.Rd1 Rd8 37.Qe4 Rd7 38.Rc1 Qg6 39.Qf3 Ke7  0-1

[Event "Sportland-NRW-Cup"]
[Site "Senden"]
[Date "1999.??.??"]
[Round "8"]
[White "Kipper, Jens"]
[Black "Rinderknecht, Thomas"]
[Result "1-0"]
[WhiteElo "2265"]
[BlackElo "1780"]

1.Nf3 Nf6 2.c4 g6 3.Nc3 Bg7 4.e4 d6 5.d4 O-O 6.Be2 e5 7.O-O Nc6 8.d5 Ne7
9.b4 Nd7 10.c5 f5 11.Ng5 Nf6 12.cxd6 cxd6 13.f3 Qb6+ 14.Kh1 Qxb4 15.Nb5 Bd7
16.Ba3 Qa5 17.Bxd6 Bxb5 18.Bxe7 Bxe2 19.Qxe2 Rfc8 20.d6 Nd7 21.Rab1 b6 22.exf5 h6
23.Ne6 gxf5 24.Qd3 e4 25.fxe4 Rc3 26.Qe2 Rac8 27.Nxg7 Rc2 28.Qh5 Qd2 29.Qg6 Ne5
30.Qe6+ Kh8 31.Rg1 Ng4 32.Rbf1 Rc1 33.Qxf5 Ne3 34.Qf6 Rxf1 35.Nf5+  1-0

[Event "Sevilla op"]
[Site "Sevilla"]
[Date "1999.??.??"]
[Round "4"]
[White "Pogorelov, Ruslan"]
[Black "Romero Garcia, Mariano"]
[Result "1-0"]
[WhiteElo "2450"]
[BlackElo "2285"]

1.Nf3 Nf6 2.c4 g6 3.Nc3 Bg7 4.e4 d6 5.d4 O-O 6.Be2 e5 7.O-O Nc6 8.d5 Ne7
9.Ne1 Nd7 10.Be3 f5 11.f3 f4 12.Bf2 g5 13.a4 Ng6 14.a5 Rf7 15.c5 Nf6 16.cxd6 cxd6
17.Nb5 a6 18.Bb6 Qe7 19.Nc7 Rb8 20.Rc1 Bd7 21.Ne6 Ne8 22.Qb3 Bxe6 23.dxe6 Rf6
24.Nc2 Kh8 25.Bc4 Nf8 26.Nb4 Rh6 27.Ba7 Rd8 28.Nd5 Qxe6 29.Qxb7 Qg6 30.Bb6 Rd7
31.Qc8 g4 32.fxg4 Nf6 33.Nxf6 Qxf6 34.Bxa6  1-0

[Event "ESP-chJ"]
[Site "Sevilla"]
[Date "1999.??.??"]
[Round "7"]
[White "Merino Garcia, Rafael"]
[Black "Martinez Martin, David"]
[Result "0-1"]
[WhiteElo "2315"]
[BlackElo "2343"]

1.d4 g6 2.c4 Bg7 3.Nc3 d6 4.Nf3 Nf6 5.e4 O-O 6.Be2 e5 7.O-O Nc6 8.d5 Ne7
9.Ne1 Nd7 10.Be3 f5 11.f3 f4 12.Bf2 g5 13.Rc1 Rf6 14.b4 Rg6 15.c5 a6 16.Nd3 Nf6
17.cxd6 cxd6 18.Na4 g4 19.Bb6 Qe8 20.Bc7 gxf3 21.Bxf3 Ng4 22.Nb6 Ne3 23.Qe2 Bh3
24.Rf2 Bh6 25.Bh5 Bg4 26.Bxg4 Nxg4 27.Nxa8 Nxf2 28.Nxe5 f3 29.Qxf3 dxe5 30.Rc3 Ng4
31.d6 Qxa8 32.d7 Qa7+ 33.Rc5 Nc6 34.Kh1 Bf8 35.Rxc6 Nf2+ 36.Kg1 Nh3+ 37.Kf1 Qg1+
38.Ke2 Rxg2+ 39.Kd3 Qd4+  0-1

[Event "Villa de Sitges 35th"]
[Site "Sitges"]
[Date "1999.??.??"]
[Round "4"]
[White "Planas, R."]
[Black "Bogoevski, B."]
[Result "1-0"]
[WhiteElo "2310"]
[BlackElo "2115"]

1.d4 Nf6 2.c4 g6 3.Nc3 Bg7 4.e4 d6 5.Be2 O-O 6.Nf3 e5 7.O-O Nc6 8.d5 Ne7
9.Ne1 Ne8 10.f3 c5 11.dxc6 bxc6 12.Be3 Be6 13.b4 Nc7 14.a4 d5 15.cxd5 cxd5
16.Bc5 d4 17.Nb1 f5 18.b5 Ne8 19.Qd2 fxe4 20.fxe4 Rxf1+ 21.Bxf1 Nf6 22.Qb4 Nc8
23.Bc4 Bxc4 24.Qxc4+ Kh8 25.Qe2 Nd6 26.Nd2 Bh6 27.Bxd6 Qxd6 28.Nef3 d3 29.Qe1 Bxd2
30.Nxd2 Qd4+ 31.Kh1 Rc8 32.a5 Ng4 33.h3 Ne3 34.Rb1 Nc2 35.Qh4 Qd6 36.b6 axb6
37.axb6 Na3 38.Rb3 Rb8 39.b7 Nc2 40.Qg3 Nb4 41.Rxb4 Qxb4 42.Qxe5+  1-0

[Event "Sundsvall op"]
[Site "Sundsvall"]
[Date "1999.??.??"]
[Round "6"]
[White "Fuentes, Ruben"]
[Black "Malmdin, Nils Ake"]
[Result "0-1"]
[WhiteElo "1865"]
[BlackElo "2155"]

1.d4 Nf6 2.c4 g6 3.Nc3 Bg7 4.e4 d6 5.Nf3 O-O 6.Be2 e5 7.O-O Nc6 8.d5 Ne7
9.b4 a5 10.bxa5 Rxa5 11.Nd2 Ne8 12.Nb3 Ra8 13.a4 f5 14.f3 Kh8 15.Be3 Ng8
16.Qd2 Nef6 17.c5 f4 18.Bf2 g5 19.Nb5 g4 20.cxd6 cxd6 21.Qb4 g3 22.hxg3 fxg3
23.Bxg3 Nh5 24.Bf2 Nf4 25.Rfe1 Qg5 26.g3 Nh3+ 27.Kf1 Nxf2 28.Kxf2 Nf6 29.Nxd6 Ng4+
30.Kg2 Ne3+ 31.Kf2 Bh3 32.Rg1 Ng4+ 33.Ke1 Qe3 34.Qc5 Qxb3 35.fxg4 Bh6 36.Nf5 Rxf5
37.gxf5 Be3 38.Qa3 Qb6 39.Rh1 Qa5+  0-1

[Event "SVK-chT 9899"]
[Site "SVK"]
[Date "1999.??.??"]
[Round "5"]
[White "Koutsin, Sergey"]
[Black "Zpevak, Pavel"]
[Result "1-0"]
[WhiteElo "2415"]
[BlackElo "2380"]

1.d4 Nf6 2.Nf3 g6 3.c4 Bg7 4.Nc3 O-O 5.e4 d6 6.Be2 e5 7.O-O Nc6 8.d5 Ne7
9.Ne1 Nd7 10.Be3 f5 11.f3 f4 12.Bf2 h5 13.a4 g5 14.a5 Nf6 15.c5 g4 16.cxd6 cxd6
17.Nb5 g3 18.Bxa7 Ng6 19.Bb6 Qe7 20.Nc7 Nd7 21.h3 Qh4 22.Ne6 Nxb6 23.axb6 Bxe6
24.dxe6 Rxa1 25.Qxa1 Rc8 26.Qa7 Qe7 27.Ba6 d5 28.Qxb7 Qxb7 29.Bxb7 Rb8 30.Bxd5 Ne7
31.Bc4 Rxb6 32.Nd3 Kh7 33.Ra1 Kg6 34.Kf1 Kf6 35.Ra7 Nc6 36.Rc7 Nd4 37.e7 Rb8
38.e8=Q  1-0

[Event "SVK-chT1E 9899"]
[Site "SVK"]
[Date "1999.??.??"]
[Round "11"]
[White "Hrivnak, Martin"]
[Black "Flasik, Radoslav"]
[Result "1-0"]
[WhiteElo "2165"]
[BlackElo "2180"]

1.Nf3 Nf6 2.c4 g6 3.Nc3 Bg7 4.e4 O-O 5.d4 d6 6.Be2 e5 7.O-O Nc6 8.d5 Ne7
9.Ne1 Nd7 10.Be3 f5 11.f3 f4 12.Bf2 g5 13.Rc1 Nf6 14.c5 Ng6 15.cxd6 cxd6
16.Nb5 Rf7 17.Nxa7 Bd7 18.Qb3 g4 19.Bb6 Qe7 20.Bb5 gxf3 21.Nxf3 Nxe4 22.Rc7 Qe8
23.Rfc1 Nc5 24.Bxc5 dxc5 25.Ng5 Rxa7 26.Nxf7 Bxb5 27.Nd6 c4 28.Qh3 Bd7 29.Rxd7  1-0

[Event "SWE-chT 9899"]
[Site "Sweden"]
[Date "1999.??.??"]
[Round "6"]
[White "Ahlander, Bjorn"]
[Black "Sandstrom, Ludvig"]
[Result "1/2-1/2"]
[WhiteElo "2410"]
[BlackElo "2325"]

1.d4 Nf6 2.c4 g6 3.Nc3 Bg7 4.e4 d6 5.Be2 O-O 6.Nf3 e5 7.O-O Nc6 8.d5 Ne7
9.b4 a5 10.bxa5 c5 11.dxc6 Nxc6 12.Bg5 Qxa5 13.Rc1 Nd4 14.Bxf6 Bxf6 15.Nd5 Bg7
16.Nxd4 exd4 17.Rc2 Re8 18.Bd3 Be6 19.Qb1 Qc5 20.Rb2 Bxd5 21.cxd5 Qc3  1/2-1/2

[Event "SWE-chT 9899"]
[Site "Sweden"]
[Date "1999.??.??"]
[Round "10"]
[White "Holst, Conny"]
[Black "Wieweg, Johnny"]
[Result "1-0"]
[WhiteElo "2294"]
[BlackElo "2204"]

1.d4 Nf6 2.c4 g6 3.Nc3 Bg7 4.e4 d6 5.Be2 O-O 6.Nf3 e5 7.O-O Nc6 8.d5 Ne7
9.Ne1 Ne8 10.Be3 f5 11.f3 f4 12.Bf2 g5 13.a4 Rf6 14.Nd3 Rh6 15.c5 a6 16.a5 Kh8
17.cxd6 Nxd6 18.Nc5 Qe8 19.Kh1 Qh5 20.Bg1 Bf6 21.Rc1 Rb8 22.b4 Qe8 23.Qa4 Qf7
24.b5 axb5 25.Nxb5 Ng6 26.Nxc7 Nh4 27.N7e6 Qh5 28.Nd7 Nhf5 29.exf5 Nxf5 30.h3 Ng3+
31.Kh2 Bxd7 32.Qxd7 Rg8 33.Rc8 Rg6 34.Rfc1 Nxe2 35.Rxg8+ Rxg8 36.Rc8 Ng3
37.Rxg8+ Kxg8 38.Bc5 h6 39.Qc8+ Kf7 40.Qxb7+ Kg6 41.Nf8+  1-0

[Event "POL-ch U20"]
[Site "Trzbinia"]
[Date "1999.??.??"]
[Round "?"]
[White "Mickiewicz, Piotr"]
[Black "Jedryczka, Krystian"]
[Result "0-1"]
[WhiteElo "2230"]
[BlackElo "2371"]

1.d4 Nf6 2.c4 g6 3.Nc3 Bg7 4.e4 d6 5.Be2 O-O 6.Nf3 e5 7.O-O Nc6 8.d5 Ne7
9.Ne1 Nd7 10.Be3 f5 11.f3 f4 12.Bf2 g5 13.Rc1 Ng6 14.c5 Nxc5 15.b4 Na6 16.Nb5 Rf7
17.Nxa7 Bd7 18.a4 h5 19.Rc4 Bf8 20.Nb5 Rg7 21.Nd3 Nh8 22.g3 fxg3 23.Bxg3 Ng6
24.Kh1 c6 25.dxc6 bxc6 26.Nc3 Nc7 27.b5 cxb5 28.Rxc7 Qxc7 29.Nxe5 dxe5 30.Qd5+ Kh7
31.Qxa8 Qxc3 32.axb5 Qb2 33.Bc4 Bh3 34.Rg1 Bc5 35.Qc8  0-1

[Event "RUS-Cup"]
[Site "Tula "]
[Date "1999.??.??"]
[Round "1"]
[White "Shariyazdanov, Andrey"]
[Black "Bakhtadze, Giorgi"]
[Result "1/2-1/2"]
[WhiteElo "2539"]
[BlackElo "2384"]

1.d4 Nf6 2.c4 g6 3.Nc3 Bg7 4.e4 d6 5.Be2 O-O 6.Nf3 e5 7.O-O Nc6 8.d5 Ne7
9.b4 a5 10.bxa5 Rxa5 11.a4 c5 12.Bb2 Ne8 13.Nb5 Ra6 14.Ra3 h6 15.Nd2 f5 16.exf5 Nxf5
17.Ne4 Qe7 18.Bg4 h5 19.Bh3 Bh6 20.Re1 Nf6 21.Bc1 Nxe4 22.Rxe4 Bxc1 23.Qxc1 g5
24.Bxf5 Bxf5 25.Re1 h4 26.h3 Bg6 27.Nc3 Raa8 28.Rb3 Rf4 29.Qb2 Rxc4 30.Rxb7 Qf6
31.Rb8+  1/2-1/2